Избранное: В 2 т.; пер. с фр.

Dades bibliogràfiques
Autor principal: Саган Ф. Франсуаза
Idioma:rus
Publicat: Москва, Терра-Книжный клуб, 2001-
Col·lecció:Современный зарубежный роман
Format: MixedMaterials Llibre
KOHA link:https://koha.lib.tpu.ru/cgi-bin/koha/opac-detail.pl?biblionumber=46275

MARC

LEADER 00000nam1a2200000 4500
001 46275
005 20231101211017.0
010 |a 5275002629 
035 |a (RuTPU)RU\TPU\book\48217 
090 |a 46275 
100 |a 20021230d2001 m y0rusy50 ca 
101 1 |a rus  |c fre 
102 |a RU 
200 1 |a Избранное  |e В 2 т.  |e пер. с фр.  |f Ф. Саган 
210 |a Москва  |c Терра-Книжный клуб  |d 2001- 
225 1 |a Современный зарубежный роман 
675 |a 84  |v 3 
700 1 |a Саган  |b Ф.  |c французская писательница  |f 1935-2004  |g Франсуаза  |2 stltpush  |3 (RuTPU)RU\TPU\pers\7441  |9 1396 
801 1 |a RU  |b 63413507  |c 20021230  |g PSBO 
801 2 |a RU  |b 63413507  |c 20060718  |g PSBO 
942 |c BK